000 00234 a2200097 4500
001 25323
100 _aFurrer, W
245 _aRoom and Building Acoustics and Noise Abatement
260 _a
_bButterworths
_c1964
090 _c17087
_d17087
942 _aNUST-CAE
_cM
_c7877
999 _c260396
_d260396